000 00459nam a22001577a 4500
005 20250915151431.0
008 250915b |||||||| |||| 00| 0 eng d
020 _a979-8-88715-054-3
100 _aCREWSON, ERIC
245 _aFISH BIOTECHNOLOGY
260 _aDUBLIN
_bORYSON PRESS
_c2023
300 _aX, 275P.
500 _aINCLUDES BIBLIOGRAPHICAL REFERENCES
650 _a1. FISH - GENWTIC ENGINEERING 2. AQUACULTURE - BIOTECHNOLOGY
942 _2lcc
_cBK
999 _c216090
_d216090